History of Western Philosophy / (Record no. 1491)

MARC details
000 -LEADER
fixed length control field 00718nam a22002657a 4500
003 - CONTROL NUMBER IDENTIFIER
control field BD-DhJNU
005 - DATE AND TIME OF LATEST TRANSACTION
control field 20251027071433.0
008 - FIXED-LENGTH DATA ELEMENTS--GENERAL INFORMATION
fixed length control field 250317b |||||||| |||| 00| 0 eng d
020 ## - INTERNATIONAL STANDARD BOOK NUMBER
International Standard Book Number 0415325056
020 ## - INTERNATIONAL STANDARD BOOK NUMBER
International Standard Book Number 0203487974
020 ## - INTERNATIONAL STANDARD BOOK NUMBER
International Standard Book Number 9780415325059
040 ## - CATALOGING SOURCE
Original cataloging agency BD-DhJNU
Language of cataloging ENG
Transcribing agency BD-DhJNU
Modifying agency BD-DhJNU
082 ## - DEWEY DECIMAL CLASSIFICATION NUMBER
Edition number 23
Classification number 190 RUS
100 ## - MAIN ENTRY--PERSONAL NAME
Personal name Russell, Bertrand
245 ## - TITLE STATEMENT
Title History of Western Philosophy /
Statement of responsibility, etc. Bertrand Russell
250 ## - EDITION STATEMENT
Edition statement 2nd ed.
260 ## - PUBLICATION, DISTRIBUTION, ETC.
Place of publication, distribution, etc. London :
Name of publisher, distributor, etc. Routledge Classics,
Date of publication, distribution, etc. 2010.
300 ## - PHYSICAL DESCRIPTION
Extent 778p. :
Other physical details ill. ;
Dimensions 22 cm.
490 ## - SERIES STATEMENT
Series statement Routledge classics
504 ## - BIBLIOGRAPHY, ETC. NOTE
Bibliography, etc. note Includes index
650 ## - SUBJECT ADDED ENTRY--TOPICAL TERM
Topical term or geographic name entry element History
650 ## - SUBJECT ADDED ENTRY--TOPICAL TERM
Topical term or geographic name entry element Philosophie History
650 ## - SUBJECT ADDED ENTRY--TOPICAL TERM
Topical term or geographic name entry element Philosophy
942 ## - ADDED ENTRY ELEMENTS (KOHA)
Source of classification or shelving scheme Dewey Decimal Classification
Koha item type Books
Suppress in OPAC No
Holdings
Withdrawn status Lost status Source of classification or shelving scheme Damaged status Not for loan Collection Home library Current library Shelving location Date acquired Source of acquisition Total checkouts Full call number Barcode Date last seen Copy number Price effective from Koha item type
    Dewey Decimal Classification     Non-fiction Jagannath University Central Library Jagannath University Central Library General stacks 03/17/2025 Purchased   190 RUS JNUCL22256 03/17/2025 1 03/17/2025 Books
    Dewey Decimal Classification     Non-fiction Jagannath University Central Library Jagannath University Central Library General stacks 10/27/2025 Purchased   190 RUS JNUCL35941 10/27/2025 2 10/27/2025 Books